00561nam a22001577a 450000500170000001000150001702000300003203500140006203700090007608200140008510000220009924500880012126000570020927001170026630000200038320211229104052.0 aENG-114150 a978-93-88-689-410c599.00 aEN-114150 bDBAD a322.10954 aJha, Dhirendra K. aAscetic Games:bSadhus, Akharas and the Making of the Hindu Vote/cDhirendra K. Jha aChennaibWestland Publications Private Limitedc2019 a1st Floor, A Block, East Wing, Plot No. 40, SP Infocity, Dr MGR Salai, Perungudi, KandanchavadibChennaie600096 a218pc22cm(hbk)